| Tag |
First Indicator |
Second Indicator |
Subfields |
| LEADER |
00000cam a2200000 i 4500 |
| 001 |
in00004155921 |
| 006 |
m o d |
| 007 |
cr ||||||||||| |
| 008 |
161212s2017 mau ob 001 0 eng |
| 005 |
20250816192007.3 |
| 010 |
|
|
|a 2016057124
|
| 020 |
|
|
|a 9780807071717
|q electronic book
|
| 020 |
|
|
|a 0807071714
|q electronic book
|
| 020 |
|
|
|z 9780807071700
|q hardcover
|
| 024 |
8 |
|
|a 99984529894
|
| 035 |
|
|
|a (NhCcYBP)EBSCO1342902
|
| 037 |
|
|
|a C731224D-4768-44C7-8C26-1B05BBD4BC4C
|b OverDrive, Inc.
|n http://www.overdrive.com
|
| 040 |
|
|
|a NhCcYBP
|c NhCcYBP
|d UtOrBLW
|
| 042 |
|
|
|a pcc
|
| 050 |
|
4 |
|a HQ1180
|b .S25 2017
|
| 072 |
|
7 |
|a SOC
|x 031000
|2 bisacsh
|
| 072 |
|
7 |
|a SOC
|x 020000
|2 bisacsh
|
| 082 |
0 |
0 |
|a 305.4
|2 23
|
| 084 |
|
|
|a SCI034000
|a SOC032000
|a SCI027000
|2 bisacsh
|
| 100 |
1 |
|
|a Saini, Angela,
|d 1980-
|e author.
|0 http://id.loc.gov/authorities/names/nb2011020971
|
| 245 |
1 |
0 |
|a Inferior :
|b how science got women wrong and the new research that's rewriting the story /
|c Angela Saini.
|
| 264 |
|
1 |
|a Boston :
|b Beacon Press,
|c [2017]
|
| 300 |
|
|
|a 1 online resource.
|
| 336 |
|
|
|a text
|b txt
|2 rdacontent
|
| 337 |
|
|
|a computer
|b n
|2 rdamedia
|
| 338 |
|
|
|a online resource
|b nc
|2 rdacarrier
|
| 347 |
|
|
|a text file
|2 rda
|
| 504 |
|
|
|a Includes bibliographical references and index.
|
| 588 |
|
|
|a Description based on online resource; title from digital title page (viewed on October 10, 2017).
|
| 500 |
|
|
|a Electronic resource.
|
| 650 |
|
0 |
|a Women's studies.
|0 http://id.loc.gov/authorities/subjects/sh85147771
|
| 650 |
|
0 |
|a Women
|x Psychology.
|0 http://id.loc.gov/authorities/subjects/sh85147333
|
| 650 |
|
0 |
|a Women
|x Physiology.
|0 http://id.loc.gov/authorities/subjects/sh85147329
|
| 655 |
|
7 |
|a Electronic books.
|2 local
|
| 710 |
2 |
|
|a EBSCOhost.
|
| 776 |
1 |
8 |
|i Print version:
|a Saini, Angela, 1980- author.
|t Inferior
|d Boston : Beacon Press, 2017
|z 9780807071700
|w (DLC) 2016048808
|
| 856 |
4 |
0 |
|u http://proxy.library.tamu.edu/login?url=http://search.ebscohost.com/login.aspx?direct=true&scope=site&db=nlebk&db=nlabk&AN=1342902
|z Connect to the full text of this electronic book
|t 0
|
| 955 |
|
|
|a YBP purchased firm e-records
|
| 980 |
|
|
|b 26.95
|g 1
|
| 987 |
|
|
|a ybp14545159
|
| 999 |
f |
f |
|s 4356663e-ccd4-39a3-8b19-a23b9635bbb1
|i 4f5019a6-3cc7-3917-89e2-2a017df8fdca
|t 0
|
| 952 |
f |
f |
|a Texas A&M University
|b College Station
|c Electronic Resources
|d Available Online
|t 0
|e HQ1180 .S25 2017
|h Library of Congress classification
|
| 998 |
f |
f |
|a HQ1180 .S25 2017
|t 0
|l Available Online
|